00605cas a22001697a 450000500170000000800410001701000100005801100100006803500100007824501170008826000710020531000180027636200190029450000470031365000520036086600230041220220329142114.0990629d uy zn p rnn 0 uub1spa d a78502 a79474 a8970600aBoletín de la Estación Experimental de Paysanduc/por Universidad de la República. Facultad de Agronomía0 aUruguay :bUniversidad de la República. Facultad de Agronomía, aCuatrimestral1 av.3 n.12, 1966 aSe dejó de recibir con el v.3 n.12, 196614aAgriculturaxUruguayxPublicaciones periodicas. av.3 n.10-12 (1966)